[Event "EU-Cup 18th"]
[Site "Kallithea"]
[Date "2002.09.28"]
[Round "7.1"]
[White "Winants, Luc"]
[Black "Sutovsky, Emil"]
[Result "0-1"]
[WhiteElo "2504"]
[BlackElo "2658"]
[Annotator "Ftacnik,L"]
[PlyCount "98"]
[EventDate "2002.09.22"]
[EventType "team-swiss"]
[EventRounds "7"]
[EventCountry "GRE"]
[SourceTitle "CBM 092"]
[Source "ChessBase"]
[SourceDate "2003.02.06"]
[SourceVersion "1"]
[SourceVersionDate "2003.02.06"]
[SourceQuality "1"]
[WhiteTeam "Liege"]
[BlackTeam "Saba Hapoel"]
[WhiteTeamCountry "BEL"]
[BlackTeamCountry "ISR"]

1. e4 c5 2. Nf3 d6 3. d4 cxd4 4. Nxd4 Nf6 5. Nc3 a6 6. Be3 e5 7. Nb3 Be6 8. f3
Be7 9. Qd2 O-O 10. O-O-O Qc7 11. g4 Rc8 12. g5 Nh5 13. Nd5 Bxd5 14. exd5 Nd7
15. Bh3 g6 {One of Sutovsky's new ideas, black plays the move useful in many
lines of possible development.} 16. Bg4 a5 17. Kb1 (17. Bxd7 $2 Qxd7 18. Nxa5
Qa4 19. Nb3 Qxb3 20. axb3 Ra1#) (17. Bxh5 $5 gxh5 18. f4 a4 19. Na1 a3 20. b3
Qc3 21. Qxc3 Rxc3 22. Kd2 Rac8 23. Rde1 f6 $13) 17... a4 18. Nc1 (18. Na1 a3
19. b3 Nf4 $13) 18... a3 19. b3 Nf4 20. Bxf4 (20. h4 $2 Nxd5 $1 $17) 20... exf4
21. h4 Re8 (21... f5 22. gxf6 Bxf6 23. Nd3 Bc3 24. Qxf4 $16) 22. Bxd7 (22. Qxf4
Ne5 (22... Qc3 $6 23. Qd4 Qxd4 24. Rxd4 f5 25. gxf6 Bxf6 26. Rf4 Be5 27. Be6+
Kh8 28. Rf7 Nc5 29. h5 $16) 23. Qb4 Bf8 24. Nd3 Bg7 $14) 22... Qxd7 23. Nd3 (
23. Qxf4 Bf8 24. h5 Bg7 $14) 23... Bf8 24. h5 (24. Qxf4 Qc7 25. c4 $14) 24...
Qf5 25. hxg6 hxg6 (25... fxg6 26. Qxf4 Qxd5 27. Nb4 Qe5 28. Qc4+ $16) 26. Qxf4
Qxf4 27. Nxf4 Re5 {Winants took a lot of time to grab the f4 pawn and black
has got solid compensation in excellent pieces.} 28. Nh3 (28. Rhg1 Rf5 29. Rd4
Be7 30. Nh3 Rxf3 $36) 28... Re2 29. Nf4 Re5 30. Nh3 Rae8 $5 31. Rhg1 (31. f4
Re2 32. Rhf1 b5 33. Ng1 R2e3 $13) 31... Re3 32. Rgf1 (32. Rdf1 R8e5 33. Nf4 Rf5
34. Nd3 Rexf3 $15) 32... Bg7 33. Nf4 R8e5 $1 34. Ng2 Rc3 35. Rde1 (35. f4 Re2
36. Ne1 b5 37. f5 Be5 $15) 35... Rxg5 (35... Rxd5 36. Re8+ Bf8 37. Ne3 Rxg5 38.
f4 Rgc5 39. Rd1 Kg7 $15) 36. Ne3 (36. Re8+ Bf8 37. Ne3 b5 (37... Re5 38. Rxe5
dxe5 39. Nc4 f6 40. d6 Kf7 41. Rd1 Ke8 42. Na5 Kd7 43. Nxb7 Bh6 44. b4 Be3 45.
Rh1 $16) 38. f4 Rg3 39. Re1 f5 40. Nd1 Rc5 41. Ne3 Kf7 $15) 36... b5 37. f4 Rg3
38. Nd1 Rcf3 39. c3 {The matters are anything but rosy for white, with equal
material on the board black can claim all the other pluses.} (39. Re8+ Kh7 40.
Rh1+ Rh3 41. Rxh3+ Rxh3 42. Re7 Rh1 43. Kc1 Bh6 $17) (39. c4 bxc4 40. bxc4 Kf8
41. f5 Rxf5 42. Rxf5 gxf5 43. Rf1 Rg2 44. Rxf5 Rd2 45. Rf1 Be5 $19) 39... Bh6
40. f5 Rxf5 41. Rxf5 gxf5 42. b4 (42. Rf1 Rd3 43. c4 bxc4 44. bxc4 Rd2 $19)
42... Rg2 43. c4 (43. Ne3 Rb2+ 44. Ka1 Bg7 45. Nd1 Rd2 46. Kb1 Kf8 $19) 43...
bxc4 44. b5 c3 45. Nxc3 (45. Re8+ Kh7 46. Rc8 Rd2 47. Nxc3 Rb2+ 48. Ka1 Rc2 $19
) 45... Rb2+ 46. Ka1 Bg7 {The rest needs no special explanation as second
player completely triumphs.} 47. Re8+ (47. Rc1 f4 48. b6 f3 49. b7 f2 $19)
47... Kh7 48. Re3 Rc2 49. Rh3+ Kg8 (49... Kg8 50. Kb1 Rxc3 51. Rxc3 Bxc3 52. b6
Bd4 53. b7 Ba7 $19) 0-1

[Event "EU-Cup 22nd"]
[Site "Fuegen"]
[Date "2006.10.14"]
[Round "7.2"]
[White "Shirov, Alexei"]
[Black "Areshchenko, Alexander"]
[Result "1-0"]
[WhiteElo "2720"]
[BlackElo "2640"]
[Annotator "Ftacnik,L"]
[PlyCount "89"]
[EventDate "2006.10.08"]
[EventType "team-swiss"]
[EventRounds "7"]
[EventCountry "AUT"]
[SourceTitle "CBM 115"]
[Source "ChessBase"]
[SourceDate "2006.11.15"]
[SourceVersion "1"]
[SourceVersionDate "2006.11.15"]
[SourceQuality "1"]
[WhiteTeam "Ural Sverdlovskaya"]
[BlackTeam "Werder Bremen"]
[WhiteTeamCountry "RUS"]
[BlackTeamCountry "GER"]

1. e4 c5 2. Nf3 d6 3. d4 cxd4 4. Nxd4 Nf6 5. Nc3 a6 6. Be3 e5 7. Nb3 Be6 8. f3
Be7 9. Qd2 O-O 10. O-O-O Nbd7 11. g4 Qc7 12. g5 Nh5 13. Kb1 b5 14. Nd5 Bxd5 15.
exd5 Nb6 16. Na5 Nxd5 17. Qxd5 Qxa5 18. c4 Rab8 19. Bd3 {The line with
sacrifice of the d5 pawn is played by White in the positional style. Black's
light pieces are modest, but he has no obvious weaknesses and probably equal
chaces.} Qb4 (19... g6 20. Rc1 Nf4 21. Bxf4 exf4 22. cxb5 axb5 23. h4 Ra8 24.
Bxb5 Rab8 25. a4 Rbc8 26. h5 Rxc1+ 27. Rxc1 Qd8 28. hxg6 hxg6 29. Bd3 {1-0
Ponomariov,R (2721)-Almagro Mazariegos,S (2311)/Villarrobledo 2006/}) 20. Bd2
$5 (20. Rd2 bxc4 21. Bxc4 a5 22. Ka1 Rbc8 23. Ba6 Nf4 24. Qe4 Rc7 25. h4 Rb8
26. Qxb4 Rxb4 27. a3 Rb3 28. Bxf4 exf4 29. Bd3 {1/2 Fressinet,L (2619)
-Kuczynski,R (2490)/Germany 2002/ (50)}) (20. c5 dxc5 21. Qxe5 Rfe8 22. Bd2 Qd4
23. Qxd4 cxd4 24. f4 Bd6 {0-1 Muhren,B (2295)-Spoelman,W (2381)/Wijk aan Zee
2005/ (31)}) 20... Qa4 (20... Qc5 21. Qxc5 dxc5 22. Rhe1 f6 23. f4 Rbd8 24. Kc2
$14) 21. Rhe1 (21. Qc6 Rfc8 22. Qd7 Kf8 $11) 21... bxc4 (21... Rfc8 $2 22.
Bxh7+ $1 Kxh7 (22... Kf8 23. Bd3 bxc4 24. g6 $18) 23. Qxf7 $16) 22. Bxc4 Rbc8
$2 {Serious mistake, Areshchenko drops the vital pawn a6 with tempo and
immediatelly hits serious problems. Much tougher on Shirov would have been the
plan with Kh8!? followed by f6.} (22... Kh8 $5 23. Rc1 f6 24. Qe6 Qe8 $13) 23.
b3 Qd7 24. Bxa6 Ra8 (24... Rc5 25. Qe4 Rb8 26. Be3 Ra5 27. Bc4 $16) 25. Bb5 Qa7
(25... Qd8 26. h4 Kh8 27. Rc1 $16) 26. a4 Nf4 (26... Rab8 27. Be3 Qc7 28. Rc1
$16) 27. Bxf4 exf4 28. Qd4 $1 {[%mdl 4] Excellent decision! White hopes to
advance his two passed pawns in an endgame position with opposite coloured
bishops.} Bxg5 (28... Qb7 29. Bc4 Bxg5 30. Bd5 Qb8 31. Rg1 Bh6 32. Rxg7+ Bxg7
33. Rg1 $18) (28... Qxd4 29. Rxd4 Bxg5 30. Rxd6 $16) 29. Qxa7 Rxa7 30. Rxd6 Rb8
(30... g6 31. Red1 h5 32. Bc4 Kg7 33. Rd7 $18) 31. Red1 Kf8 (31... Rc7 32. Rc1
$16) 32. Rd7 Rbb7 {Areshchenko has no counterplay and f7 pawn needs protection.
} (32... Rxd7 33. Rxd7 Be7 34. Bc4 Ra8 35. Rb7 g5 36. Rb5 $16) 33. Rxb7 Rxb7
34. Rd5 Bh4 (34... Bf6 35. a5 Ke7 36. a6 Rc7 37. Bc4 $18) 35. a5 Bf2 36. Kc2 g6
(36... Rc7+ 37. Kd3 Rc5 38. Rd8+ Ke7 39. Rb8 $16) 37. b4 $1 {Shirov must have
correctly felt, that white must be nearly winning with such harmonious pieces.}
Rc7+ 38. Kb3 Rc1 39. Bd3 Ra1 40. Rd7 h5 (40... Ke8 41. Bb5 Rb1+ 42. Ka3 Kf8 43.
Bc4 $18) 41. Bc4 Ke8 42. Rb7 (42. Rxf7 Rb1+ 43. Ka4 Be1 44. Rb7 $18) 42... Kd8
43. Bxf7 Kc8 44. Re7 Rb1+ 45. Ka4 1-0

[Event "Bundesliga 0203"]
[Site "Germany"]
[Date "2002.12.15"]
[Round "6.2"]
[White "Socko, Bartosz"]
[Black "Ftacnik, Lubomir"]
[Result "0-1"]
[WhiteElo "2562"]
[BlackElo "2602"]
[Annotator "Ftacnik,L"]
[PlyCount "88"]
[EventDate "2002.10.19"]
[EventType "team-tourn"]
[EventRounds "15"]
[EventCountry "GER"]
[SourceTitle "CBM 093"]
[Source "ChessBase"]
[SourceDate "2003.04.01"]
[SourceVersion "1"]
[SourceVersionDate "2003.04.01"]
[SourceQuality "1"]
[WhiteTeam "Kreuzberg"]
[BlackTeam "Hamburger SK"]
[WhiteTeamCountry "GER"]
[BlackTeamCountry "GER"]

1. e4 c5 2. Nf3 d6 3. d4 cxd4 4. Nxd4 Nf6 5. Nc3 a6 6. f3 e5 7. Nb3 Be6 8. Be3
Be7 9. Qd2 O-O 10. O-O-O Nbd7 11. g4 Qc7 12. Kb1 Rfc8 13. g5 Nh5 14. Nd5 Bxd5
15. exd5 g6 16. Bh3 Bf8 17. Na5 Bg7 (17... Re8 $13) 18. Rc1 (18. Bg4 Nf4 19.
Rhe1 Re8 20. Bxf4 exf4 21. Bxd7 Qxd7 22. Qxf4 Be5 23. Qd2 Qf5 24. Qg2 Bf4 $13)
(18. Rhe1 $5 f5 (18... Re8 19. Qb4 Rab8 20. Nc4 Bf8 21. Nb6 $16) 19. gxf6 Bxf6
20. Qb4 Rab8 (20... Qxc2+ 21. Ka1 Rd8 22. Be6+ Kh8 23. Nc4 $18) 21. c3 $14)
18... Re8 19. Bg4 (19. Qb4 $5 f5 (19... Nc5 20. Nc4 Rad8 21. Qb6 Qxb6 22. Nxb6
f5 23. gxf6 Nxf6 24. b4 Ncd7 25. Nxd7 Nxd7 26. c4 $16) 20. gxf6 Ndxf6 21. Bb6
Qe7 22. Be6+ $14) 19... Nf4 20. Rhe1 $2 {The second weak move in the important
phase of the game, black will take over the initiative.} (20. Bxf4 exf4 21.
Bxd7 Qxd7 22. Qxf4 Qb5 23. Nc4 Qxd5 24. Rhd1 Qb5 25. Rxd6 Rac8 26. b3 Rxc4 27.
Qxc4 Qe5 28. Rf6 Bxf6 29. gxf6 Qxf6 $15) 20... f5 $1 21. gxf6 Nxf6 22. Bxf4 (
22. c4 h5 23. Be6+ Nxe6 24. dxe6 Rxe6 25. Rg1 Kh7 $15) 22... Nxg4 23. fxg4 (23.
Bg5 Nxh2 24. Re3 Rf8 25. Qxh2 Qxa5 26. Rh1 h5 27. Rd3 (27. Qg2 Qxd5 28. Be7 Rf7
29. Rd3 Qb5 $17) 27... Rae8 28. Qg2 e4 29. fxe4 Qb4 30. Bc1 Qxe4 $15) 23...
exf4 24. Nb3 (24. Rxe8+ Rxe8 25. Rf1 Qb6 26. Nb3 Qe3 27. h4 b5 $17) 24... Qf7
$1 (24... Qc4 25. Na5 (25. Rxe8+ Rxe8 26. Re1 Rxe1+ 27. Qxe1 Qxd5 28. Qe8+ Bf8
29. Nc1 Qf7 $17) 25... Qb5 26. c4 Qb6 27. Nb3 $15) 25. Rf1 $6 {[%mdl 16]
White's chances to efficiently stop black's f pawn are very slim, since the
black bishop on g7 makes also the queenside king's position very vulnerable.} (
25. Re6 $1 Rxe6 (25... Be5 26. Nd4 $11) 26. dxe6 Qxe6 27. Qxf4 Qe5 28. Qxe5
Bxe5 29. h3 Rf8 $15) 25... Re4 $1 26. Rf2 Rae8 27. Rcf1 g5 (27... Be5 28. h4
Qd7 29. Qd1 $15) 28. c3 (28. h4 Qf6 29. c3 Qg6 30. Kc1 gxh4 $17) 28... Re3 (
28... R8e5 29. Rd1 b5 30. Nd4 Rxd5 31. Qc2 Qg6 32. Nf5 Rxd1+ 33. Qxd1 b4 $17)
29. Nc1 (29. Nd4 $2 Bxd4 $1 30. Qxd4 Qg6+ 31. Kc1 Re1+ 32. Kd2 Qb1 $19) 29...
Qd7 30. h4 (30. Qd1 Qb5 31. a4 Qc4 $17) 30... h6 (30... Qxg4 31. hxg5 f3 32.
Qd1 R8e5 33. Rxf3 Rxf3 34. Rxf3 Rf5 35. Rf1 Qxd1 36. Rxd1 Rxg5 $15) 31. hxg5
hxg5 32. Qc2 R8e4 33. Rg1 {The defender is limited to passive defence with no
counterplay.} (33. Rf3 Qxg4 34. Rxe3 Rxe3 35. Rh1 f3 $17) 33... Qf7 (33... Qb5
34. Rd1 Bxc3 35. Rh2 Bg7 36. Qc8+ Re8 37. Qf5 $15) 34. Rd1 f3 35. Rg1 (35. Rd3
Qf4 36. Qd2 (36. Rxe3 Rxe3 37. Rh2 Qxg4 $17) 36... Be5 37. Rxe3 (37. a3 Re1 38.
Kc2 Qxd2+ 39. Rdxd2 R1e3 $17) 37... Rxe3 38. Rf1 Qe4+ 39. Qc2 Qxd5 40. Qg6+ Bg7
$17) 35... Be5 36. Qd1 Qh7 $1 37. Ka1 (37. Rxf3 $2 Rf4+ $19) (37. Qc2 Bf4 (
37... Bxc3 $5 38. bxc3 Rxc3 $19) 38. Rgf1 Re1 39. Rxf3 Rxc1+ 40. Rxc1 Bxc1 $19)
37... Qh4 38. Rff1 $6 {Finally Socko is losing the fight for the basic rank
and black f pawn decides.} (38. Rxf3 Re1 39. Rxe1 Rxe1 40. Qc2 Qh1 41. Qg6+ Bg7
42. Qf7+ Kh8 43. a3 Rxc1+ 44. Ka2 Ra1+ 45. Kb3 Re1 $19) (38. Qc2 Re1 39. Rgf1
Bf4 40. Rxf3 Qxg4 41. Qf2 Qh4 $17) 38... f2 39. Rh1 Qxh1 (39... Re1 $1 40. Rxh4
Rxd1 41. Rxd1 gxh4 42. Nd3 Bg3 $19) 40. Rxh1 Re1 41. Nd3 (41. Qf3 Rxh1 42. Qxh1
Re1 $19) 41... Rxd1+ 42. Rxd1 Bg3 43. Kb1 (43. Rf1 Rxg4 44. Kb1 Bh4 $19) 43...
Rxg4 44. Kc2 Bh4 0-1

[Event "Corus"]
[Site "Wijk aan Zee"]
[Date "2004.01.18"]
[Round "7"]
[White "Svidler, Peter"]
[Black "Topalov, Veselin"]
[Result "1-0"]
[WhiteElo "2747"]
[BlackElo "2735"]
[Annotator "Ftacnik,L"]
[PlyCount "91"]
[EventDate "2004.01.10"]
[EventType "tourn"]
[EventRounds "13"]
[EventCountry "NED"]
[EventCategory "19"]
[SourceTitle "CBM 099"]
[Source "ChessBase"]
[SourceDate "2004.03.30"]
[SourceVersion "1"]
[SourceVersionDate "2004.03.30"]
[SourceQuality "1"]

1. e4 c5 2. Nf3 d6 3. d4 cxd4 4. Nxd4 Nf6 5. Nc3 a6 6. f3 e5 7. Nb3 Be6 8. Be3
Nbd7 9. g4 Nb6 10. g5 Nh5 11. Qd2 Be7 12. O-O-O O-O 13. Rg1 Rc8 14. Qf2 Rxc3 $5
$146 {[%mdl 8] Topalov comes up with a very important novelty in a popular
variation. With exchange sacrifice black wants to grab the initiative.} (14...
Nc4 15. Bxc4 Rxc4 (15... Bxc4 16. Nd5 Bxd5 17. Rxd5 f5 18. gxf6 Nxf6 19. Rdd1
Rf7 20. Qe2 Qc7 21. Rd3 Qc4 22. Qd1 {1/2-1/2 Hracek,Z-Ftacnik,L/Germany 2003/ 
(22)}) 16. Nd5 Bxd5 17. Rxd5 f5 18. gxf6 Rxf6 19. Qe2 Rc8 20. Kb1 Qd7 21. Rdd1
Qh3 22. Nd2 {Shirov,A-Sutovsky,E/Reykjavik 2003/1-0 (35)}) 15. Bxb6 (15. bxc3
Na4 16. Rd3 Qc7 $44) 15... Bxg5+ 16. Kb1 (16. Nd2 Bh4 17. Rg3 Bxg3 18. hxg3 Rc7
$15) 16... Bh4 $1 17. Rg3 (17. Bxd8 Bxf2 18. Rg2 Rxf3 19. Be2 Nf4 20. Bxf3 Nxg2
21. Be7 (21. Bxg2 Rxd8 $19) 21... Re8 22. Bxd6 Ne3 23. Rd2 Bg1 24. h4 (24. Bxe5
$2 Nc4 $19) 24... Nc4 $19) 17... Bxg3 18. hxg3 Rc7 19. Nc5 (19. Bxc7 Qxc7 $17)
19... Qe7 (19... Bc8 20. Qh2 Nf6 21. Qd2 Ne8 22. Nd3 Qf6 23. Bxc7 Nxc7 24. f4
b5 $15) 20. Nxe6 fxe6 21. Bxc7 Qxc7 22. Bh3 {White can not be satisfied with
the outcome of the opening. He can claim obly very meagre compensation for the
pawn.} Re8 (22... Kf7 23. f4 exf4 24. gxf4 Nf6 25. Bg2 e5 $15) 23. Rd3 Nf6 24.
Qa7 (24. Qd2 d5 $17) 24... Kf7 (24... d5 25. Rb3 Re7 26. a3 $15) 25. Rc3 Qd7
26. Qb6 Re7 (26... Rc8 $2 27. Rxc8 Qxc8 28. Qxd6 $14) 27. Rd3 d5 (27... Ne8 28.
Qb3 $13) 28. exd5 Nxd5 29. Qc5 Qb5 (29... Qc6 30. Qxc6 bxc6 31. Bf1 $11) 30.
Qd6 (30. Qxb5 axb5 31. Bf1 b4 32. Rd2 h5 $15) 30... Nb4 ({Much more compact
was to idea to support the king with the other jump} 30... Nf6 $5 31. Bf1 Rd7
32. Qb8 e4 $1 33. fxe4 Qb4 34. Rxd7+ Nxd7 35. Qf4+ Nf6 $17) 31. Rd2 Qc4 32. b3
Qc3 33. f4 (33. Bg4 Nc6 34. Rh2 Qe1+ 35. Kb2 Qxg3 $15) 33... Qxg3 $2 {Black is
getting nervous, this move throws out the advantage.} (33... e4 $1 34. Re2 a5
35. Qe5 Qxe5 36. fxe5 Rc7 37. Bg2 Nd5 38. Kb2 Nc3 39. Re1 Kg6 40. Bxe4+ Nxe4
41. Rxe4 Kf5 $17) 34. Qxb4 Qxh3 35. fxe5 Qe3 36. Qd6 h5 $6 (36... b5 37. Rd1
Qe2 38. Rd4 $11) 37. Rd1 Qf2 (37... Qe2 38. Rg1 Qf2 39. Qd1 Kg8 40. Rh1 g6 $11)
38. Qd3 Qg2 39. Rf1+ Kg8 $2 {A losing retreat, Topalov did not manage to
adjust his ambitions to survival.} (39... Ke8 $5 40. Qc4 Qc6 41. Qh4 Rd7 42.
Qxh5+ Kd8 43. Rf4 $14) 40. Qd8+ Kh7 41. Rf8 Qg1+ 42. Kb2 Qg5 (42... Qc5 43.
Rh8+ Kg6 44. Qd3+ Kg5 45. Qg3+ Kf5 46. Rxh5+ $18) 43. Qd3+ $1 {Very fine move,
that decides the game. Black is forced to open up access to his king.} g6 (
43... Qg6 44. Rh8+ $18) 44. Qd6 Kg7 45. Qb8 Qh6 46. Qd8 $1 1-0

[Event "FIDE World Cup-A"]
[Site "Hyderabad"]
[Date "2002.10.12"]
[Round "3"]
[White "Malakhov, Vladimir"]
[Black "Ye, Jiangchuan"]
[Result "1-0"]
[WhiteElo "2670"]
[BlackElo "2667"]
[Annotator "Ftacnik,L"]
[PlyCount "101"]
[EventDate "2002.10.05"]
[EventType "tourn"]
[EventRounds "5"]
[EventCountry "IND"]
[EventCategory "16"]
[SourceTitle "CBM 092"]
[Source "ChessBase"]
[SourceDate "2003.02.06"]
[SourceVersion "1"]
[SourceVersionDate "2003.02.06"]
[SourceQuality "1"]

1. e4 c5 2. Nf3 d6 3. d4 cxd4 4. Nxd4 Nf6 5. Nc3 a6 6. Be3 e5 7. Nb3 Be6 8. f3
Nbd7 9. Qd2 b5 10. a4 b4 11. Nd5 Bxd5 12. exd5 Nb6 13. Bxb6 Qxb6 14. a5 Qb7 15.
Bc4 Be7 16. Ra4 Rb8 17. Nc1 Bd8 18. Nd3 Nxd5 $6 19. Nxe5 dxe5 20. Qxd5 Qxd5 21.
Bxd5 Rc8 (21... Ke7 $5 22. Bc4 Rc8 23. b3 Rc5 $14) 22. Bb3 O-O 23. Ke2 Be7 24.
Rd1 Rfd8 25. Rxd8+ Rxd8 26. Bc4 Ra8 27. Ke3 Kf8 28. Ke4 Bd6 29. Bd3 {[%mdl
4096] The endgame is not enviable for black, his weak a6 and b4 pawns are a
constant worry and white can try to improve his pieces without any risk.} (29.
b3 Ke7 30. g4 f6 31. Kd5 Kd7 32. h4 g6 33. h5 f5 34. gxf5 gxf5 35. Bd3 {
Tviakov,S-De Firmian,N/Rubinstein mem/1995/ 1-0 (51)}) 29... Ke7 30. Kd5 Rc8 (
30... Rd8 31. Bxa6 $18) 31. Bxa6 $1 (31. g4 Rc5+ 32. Ke4 Rc6 $14) 31... Rxc2
32. Bd3 Rc5+ (32... Rxg2 33. a6 Bb8 34. Rxb4 $18) (32... Rd2 33. Kc4 Rxb2 34.
a6 Bb8 35. a7 $18) 33. Ke4 g6 34. g4 Ke6 35. g5 $1 {Of course it is very
pleasant to secure the king's location on the central square e4.} (35. a6 f5+
36. Ke3 Rc7 $14) 35... Rc7 36. a6 Bc5 (36... Ra7 37. Bc4+ Ke7 38. Kd5 Kd7 39.
Ra1 $16) 37. Bc4+ Kd6 38. b3 Re7 (38... h6 39. gxh6 f5+ 40. Kd3 Rh7 41. Bg8
Rxh6 42. a7 Bxa7 43. Rxa7 Rxh2 44. Ra6+ Kc7 45. Rxg6 $18) 39. Bd5 Rc7 40. Bc4
Re7 41. Ra5 Kc6 42. Bd5+ Kd6 (42... Kb6 43. Ra4 Bd6 44. a7 Rxa7 45. Rxa7 Kxa7
46. Bxf7 Be7 47. h4 Bc5 48. Kxe5 Bf2 49. Bg8 Bxh4 50. f4 $18) 43. Bb7 Ba7 44.
Rd5+ Kc7 (44... Ke6 $2 45. Bc8+ $18) 45. Rb5 $1 {Malakhov has succeeded in
breaking up the defensive setup and b4 pawn will fall. Black has no
counterplay and his days are numbered.} Re6 (45... Bf2 46. Rxb4 Kb8 47. Rc4 (
47. Kd5 Be3 48. h4 Bf4 49. Rc4 Rd7+ 50. Kc6 Rc7+ 51. Kb5 Rxc4 52. bxc4 $18)
47... Bh4 48. Kd5 Bxg5 49. Rc8+ Ka7 50. Kc5 Rxb7 51. axb7 Kxb7 52. Rh8 h5 53.
Rh7 $18) 46. Rxb4 f5+ (46... Bd4 47. f4 Bc5 48. Rc4 Kb6 49. Rxc5 Kxc5 50. a7
$18) 47. gxf6 Rxf6 48. Kxe5 Rf5+ 49. Ke6 Bf2 50. Bd5 Kc8 (50... h6 51. a7 Bxa7
52. Rb7+ $18) 51. Kd6 (51. Kd6 Rf6+ 52. Be6+ $18) 1-0

[Event "Moscow Aeroflot op-A"]
[Site "Moscow"]
[Date "2004.02.23"]
[Round "7"]
[White "Motylev, Alexander"]
[Black "Dvoirys, Semen I"]
[Result "1-0"]
[WhiteElo "2640"]
[BlackElo "2594"]
[Annotator "Ftacnik,L"]
[PlyCount "129"]
[EventDate "2004.02.17"]
[EventType "swiss"]
[EventRounds "9"]
[EventCountry "RUS"]
[SourceTitle "CBM 100"]
[Source "ChessBase"]
[SourceDate "2004.06.01"]
[SourceVersion "1"]
[SourceVersionDate "2004.06.01"]
[SourceQuality "1"]

1. e4 c5 2. Nf3 d6 3. d4 cxd4 4. Nxd4 Nf6 5. Nc3 a6 6. f3 Qb6 7. g4 Nc6 8. Nb3
e6 9. Qe2 d5 10. Be3 d4 11. Bf2 e5 12. O-O-O (12. g5 Qc7 13. gxf6 dxc3 14. fxg7
Bxg7 15. bxc3 Be6 $11) 12... Be6 13. Nd5 $5 {The original opening position
calls for creative solutions.} Qd8 (13... Nxd5 14. exd5 Bxd5 15. Bxd4 Qb4 (
15... Nxd4 16. Qxe5+ Qe6 17. Qxe6+ fxe6 18. Nxd4 e5 19. c4 Rc8 20. Kb1 Bxc4 21.
Bxc4 Rxc4 22. Rhe1 $16) 16. Bxe5 Bxf3 17. Qxf3 Nxe5 18. Qd5 f6 19. Nd4 $16) 14.
Bh4 h5 (14... Bxd5 15. exd5 Qxd5 16. Bg2 Qe6 17. f4 Nxg4 18. Bh3 h5 19. fxe5
$13) 15. gxh5 (15. Kb1 Bxd5 16. exd5 Qxd5 17. Bxf6 gxf6 18. Bg2 Qb5 19. Qe4 $13
) 15... Bxd5 (15... Be7 16. Bxf6 Bxf6 17. c3 Rc8 18. Kb1 dxc3 19. Nxc3 Nd4 20.
Nxd4 exd4 21. f4 $13) 16. exd5 Qxd5 17. Bxf6 gxf6 18. Bh3 Rxh5 $6 {Dvoirys did
not have to worry about the h5 pawn, paradoxical move 18...Na5!? might have
secured pleasant advantage.} (18... Na5 $5 19. Bg4 (19. Rd3 Rxh5 20. Bg4 Nxb3+
21. Rxb3 Rh8 22. Bf5 b5 23. Be4 Qc4 24. Qxc4 bxc4 25. Rb6 Ra7 26. Rxf6 Rh6 $15)
19... Nxb3+ 20. axb3 Bh6+ 21. Kb1 Rd8 $17) 19. Bg4 Rh8 (19... Rh4 20. Kb1 Ne7
21. Qf2 Rh8 $15) 20. Kb1 Ne7 $2 {A serious step in the wrong direction, black
is moving his only developed piece.} (20... Qb5 $1 21. Qe4 Rd8 $15) 21. f4 $1
f5 (21... exf4 $4 22. Nxd4 $16) 22. Bh5 e4 (22... Bg7 23. fxe5 Qxe5 24. Nxd4
Rd8 25. c3 Qxe2 26. Bxe2 Bxd4 27. cxd4 $14) 23. Rxd4 (23. Nxd4 Ng6 24. Bxg6
fxg6 25. Nf3 Qe6 26. Qd2 Bg7 $11) 23... Qc6 24. Rhd1 Ng6 (24... b5 25. Rd6 Qc4
26. Rf6 Rh7 27. Nd4 Qxe2 28. Bxe2 Rxh2 29. Rxa6 $1 Rxa6 30. Bxb5+ $14) 25. Na5
Qb5 (25... Qc7 26. Bxg6 fxg6 27. Qd2 $16) 26. Qd2 Be7 (26... Bc5 $2 27. Rd8+
Ke7 28. Rd7+ Ke8 29. Bxg6 fxg6 30. Rxb7 $18) 27. Bxg6 fxg6 28. Rd7 {Motylev
must have been very satisfied with the turn of events, all his pieces are
aiming at black king.} (28. Nc4 Qc6 29. Nd6+ Kf8 30. Qg2 Rh6 $14) 28... e3 (
28... Rc8 29. Nxb7 (29. Rxb7 Rd8 30. Rxb5 Rxd2 31. Rb8+ Kf7 32. Rxd2 Rxb8 33.
Nc6 Rc8 $14) 29... Qc6 30. Rxe7+ $1 Kxe7 31. Qb4+ Kf7 32. Nd6+ Kg7 (32... Kg8
33. Nxc8 Qxc8 34. Qe7 $18) 33. Nxf5+ gxf5 34. Qe7+ Kh6 35. Qg5+ Kh7 36. Qxf5+
Qg6 37. Rd7+ Kh6 38. Qh3+ Qh5 39. Rd6+ Kg7 40. Qd7+ Qf7 41. Qg4+ Kh7 42. Qg5
$18) 29. Qxe3 Qxd7 (29... Qc5 30. Qe6 Kf8 31. Nxb7 $18) 30. Rxd7 Kxd7 31. Nxb7
Rxh2 32. Qd4+ {The endgame will be painful for black, since his exposed king
and material disadvantage clearly favour white.} Ke6 (32... Kc7 33. Qe5+ Kxb7
34. Qxe7+ Kc6 35. a3 $16) 33. Nc5+ (33. a3 Rh1+ 34. Ka2 Rhh8 35. c4 $16) 33...
Bxc5 (33... Kf7 34. Qd5+ Kg7 35. Ne6+ Kf6 36. Ng5 $18) 34. Qe5+ Kf7 (34... Kd7
35. Qd5+ Bd6 36. Qxa8 Bxf4 37. b4 $16) 35. Qd5+ Kg7 36. Qxa8 Bd6 37. Qa7+ Kh6
38. a4 Bxf4 39. Qxa6 {[%mdl 4096] The ensuing type of race is very unbalanced,
since white pawns are rolling while andvance of black ones have to be well
supported.} Be3 (39... Kg5 40. a5 Bd2 41. Qd3 f4 42. a6 $18) 40. Qf6 Re2 41. a5
Kh5 (41... f4 42. a6 Rg2 43. c4 Kh7 44. b4 $18) 42. a6 Bg1 (42... Rg2 43. b4 f4
44. b5 $18) 43. Qf7 Kg5 44. a7 Bxa7 45. Qxa7 f4 46. Kc1 (46. b4 f3 47. Qf7 f2
48. Kb2 Kg4 49. b5 Re5 50. Qxf2 Rxb5+ 51. Kc3 $18) 46... f3 47. Kd1 $1 {
Motylev has creatively stopped black f pawn and his own soldiers can start to
run.} Kh4 48. Qh7+ Kg3 49. Qxg6+ Kf2 50. Qb6+ Kf1 51. Qb5 Kf2 52. Qc5+ Kf1 53.
Qc4 Kf2 54. Qd4+ Kf1 55. Qh4 $1 (55. b4 Re1+ 56. Kd2 f2 57. Qg4 $18) 55... Re8
56. b4 Kg2 57. Qg5+ Kf1 58. Qb5+ Re2 59. Qc4 Kf2 60. Qd4+ Kf1 61. Qh4 Re8 62.
b5 Rf8 63. b6 Kg2 (63... f2 64. Qh1#) 64. Qg5+ Kf1 65. Qd5 1-0